Normal view
MARC view
- Whittington, Dale
Entry Personal Name
001 - CONTROL NUMBER
- control field: 7713
003 - CONTROL NUMBER IDENTIFIER
- control field: OSt
005 - DATE AND TIME OF LATEST TRANSACTION
- control field: 20250812160033.0
008 - FIXED-LENGTH DATA ELEMENTS
- fixed length control field: 250812|| aca||aabn | a|a d
040 ## - CATALOGING SOURCE
- Original cataloging agency: OSt
- Transcribing agency: OSt
100 ## - HEADING--PERSONAL NAME
- Personal name: Whittington, Dale
670 ## - SOURCE DATA FOUND
- Source citation: Work cat.: (OSt)2465: Whittington, Dale ., Water management models in practice: A case study of the Aswan high dam / , 1983.
